| 000 | 00433nam a2200193Ia 4500 | ||
|---|---|---|---|
| 005 | 20250425160751.0 | ||
| 008 | 250425s9999 xx 000 0 und d | ||
| 020 | _a9172601566 | ||
| 041 | _aeng | ||
| 082 | _a672.24 | ||
| 110 | _aJERNKONTORET | ||
| 245 | 0 | _aA GUIDE TO THE SOLIDIFICATION OF STEELS | |
| 250 | _aS.E. | ||
| 260 | _aS.L. | ||
| 260 |
_aSin Pais _bS.E. _c1977 |
||
| 300 | _a161 | ||
| 942 | _c01 | ||
| 010 | _a4804 | ||
| 999 |
_c195754 _d195754 |
||